[Event "Speed Chess Championship 2020"]
[Site "Online"]
[Date "2020.11.15"]
[Round "1.4"]
[White "Caruana, Fabiano"]
[Black "Duda, Jan-Krzysztof"]
[Result "0-1"]
[WhiteElo "2823"]
[BlackElo "2743"]
[Annotator "TA"]
[PlyCount "138"]
[EventDate "2020.10.31"]
[EventType "k.o."]
[EventCountry "NET"]
[SourceTitle "playchess.com"]
[Source "ChessBase"]
[SourceQuality "1"]

{[%evp 9,138,18,33,4,8,5,14,0,10,0,6,0,50,54,32,46,68,66,64,63,57,0,38,17,28,15,17,22,33,0,68,55,48,32,58,0,7,0,0,0,64,75,99,101,106,97,127,120,162,85,121,133,127,93,569,559,562,524,744,29,720,29,29,0,0,-156,-169,-214,-210,-185,-217,-190,-183,-493,-514,-473,-435,-432,-381,-481,-392,-947,-841,-1856,-1596,-1447,-1368,-1947,-1947,-1838,-1576,-1840,-1793,-1698,-1412,-1477,-1445,-1318,-1191,-1079,-756,-2013,-1388,-777,-1035,-5373,-5083,-29976,-29977,-29984,-29982,-29984,-29983,-29983,-29983,-29984,-29983,-29983,-29975,-29982,-29979,-29981,-29978,-29984,-29985,-29985,-29986,-29989,-29990,-29990,-29991]} 1. e4 c5 2. Nf3 d6 3. d4 cxd4 4. Nxd4 Nf6 5. Nc3 a6 6. h4 {B90: Sicilian Najdorf: Unusual White 6th moves, 6 Be3 Ng4 and 6 Be3 e5.} e5 7. Nb3 Be7 8. Bg5 {The position is equal.} Be6 $1 {8...Be6 is better than 8...Nbd7.} 9. Bxf6 Bxf6 10. g3 Qd7 $5 {[%mdl 4] An interesting side line.} 11. Qd2 Nc6 {[#]} 12. O-O-O $146 ({Predecessor:} 12. Nd5 Bd8 13. O-O-O Rc8 14. Kb1 O-O 15. Ne3 Nd4 16. Nxd4 exd4 17. Qxd4 Bf6 18. Qb4 {½-½ (45) Mazur,S (2459)-Nayhebaver,M (2465) Banska Stiavnica 2017}) 12... Rd8 13. Nd5 O-O 14. Nxf6+ gxf6 15. Qh6 (15. f4 $14) 15... Qe7 16. f4 Kh8 17. f5 Bxb3 18. axb3 Rg8 19. Rg1 Rg4 (19... Nd4 $11) 20. Qe3 Nd4 21. Kb1 Qc7 22. Bd3 a5 $1 23. Rg2 Rdg8 24. Bc4 b5 (24... d5 $11 25. Bxd5 Rxg3 26. Rxg3 Qxc2+ {[%mdl 64] Double Attack} 27. Ka2 Qxd1) 25. Bd5 $1 $14 {c3 is the strong threat.} a4 {Hoping for ...Rxg3!} 26. Rc1 axb3 27. cxb3 Qe7 28. b4 Kg7 29. Qc3 (29. Rgg1 $1 $18) 29... Rd8 30. Qc7 Rd7 31. Qc8 Ra7 $2 {[%mdl 8192]} (31... Rd8 $16 {is more resistant.} 32. Rc7 Rxc8 33. Rxe7 Rf8) 32. Qb8 $1 $18 Kh6 33. Rc8 Kh5 34. Rg8 $2 ({White should play} 34. Re8 $18 Qc7 35. Rh8 $1 {[%mdl 512]} Rxe4 36. Bxe4 Qxb8 37. Rxb8) 34... Qc7 $2 {[%mdl 8192] [#]} (34... Ra6 $11) 35. Qxc7 $2 (35. Rh8 $1 $18 {[%cal Rh8h7][%mdl 512]} Rg7 36. Rxh7+ $3 {[%mdl 512]} Kg4 37. Qxc7 Rxc7 38. Rxg7+ Kf3 39. Rh2) 35... Rxc7 $11 36. Rh8 {[%cal Rh8h7]} Rg7 37. g4+ $2 {Black converts the advantage convincingly.} (37. Rd8 $11) 37... Kxh4 $17 38. Rh2+ Kg3 39. R8xh7 Rxh7 ({Stronger than} 39... Rxg4 40. R7h3+ Kf4 41. Rf2+ Kg5 42. Rf1 $11) 40. Rxh7 Kxg4 41. Rxf7 $2 (41. Rh2) 41... Rxf7 $19 42. Bxf7 {[%mdl 4096] Endgame KB-KN} Kf4 43. Bd5 Ke3 44. Kc1 Ke2 45. Ba8 $2 {[#]} (45. Kb1 Ke3 46. Ka2) 45... Kd3 $1 46. Bd5 Ne2+ 47. Kd1 Nf4 48. Bc6 Kc4 49. Kd2 Kxb4 50. Ke3 Kc5 51. Be8 Kc4 52. Bf7+ {[#]} Kb4 $1 {[%cal Rb4c5]} 53. Be8 Kc5 54. Bf7 d5 55. exd5 Nxd5+ 56. Ke4 Nb6 57. Be8 Nc4 58. Kf3 Nxb2 {Black mates.} 59. Kg4 Nc4 60. Kh5 {[#]} Nd6 $1 61. Bd7 {Cut Off at move 61} b4 62. Be6 Kd4 63. Kg6 Ne4 64. Kg7 Ke3 65. Bd5 Kf4 66. Bxe4 Kxe4 67. Kxf6 b3 68. Ke6 b2 69. f6 b1=Q {Weighted Error Value: White=1.04/Black=0.36} 0-1

[Event "Speed Chess Championship 2020"]
[Site "Online"]
[Date "2020.11.11"]
[Round "1.4"]
[White "Aronian, Levon"]
[Black "Nepomniachtchi, Ian"]
[Result "1-0"]
[WhiteElo "2781"]
[BlackElo "2784"]
[Annotator "TA"]
[PlyCount "95"]
[EventDate "2020.10.31"]
[EventType "k.o."]
[SourceTitle "playchess.com"]
[Source "ChessBase"]
[SourceQuality "1"]

{[%evp 11,95,-8,0,-19,-24,-6,62,21,21,30,77,70,79,83,118,114,112,114,112,96,126,128,140,132,162,154,140,113,171,172,187,177,639,633,610,396,645,635,577,156,153,171,303,256,250,222,181,177,189,190,299,206,203,204,191,185,633,633,631,624,29979,29975,29980,29981,29993,5039,1384,0,0,-18,29975,29976,29976,29977,29989,29990,29990,29991,29994,29991,29991,29992,29992,29989,29991,29992]} 1. e4 c5 2. Nf3 d6 3. c3 Nf6 4. Be2 g6 5. O-O Bg7 6. d3 O-O 7. Be3 {B50: Sicilian: 2...d6, Miscellaneous.} Nc6 8. Nbd2 b5 (8... e5 $11) 9. h3 {White is slightly better.} b4 10. d4 Nd7 {[#]} 11. d5 $146 ({Predecessor:} 11. Qa4 Bb7 12. Nc4 Nb6 13. Qc2 Nxc4 14. Bxc4 Rc8 15. dxc5 dxc5 {0-1 (27) Batteau,V (1974)-Verot,M (2140) France 2009}) 11... Nce5 12. Nxe5 Nxe5 13. cxb4 cxb4 14. a3 bxa3 15. Rxa3 a5 16. b4 {[%cal Bb2b4,Bb4b5][%mdl 32]} Bb7 17. b5 f5 18. exf5 gxf5 19. Nf3 Nxf3+ (19... f4 $16) 20. Bxf3 $18 Qd7 21. Bd4 Qxb5 $2 (21... Bxd4 22. Qxd4 Qxb5) 22. Bxg7 Kxg7 23. Qa1+ Kg8 $2 (23... Rf6 24. Re1 Kf8) 24. Rb1 Qd7 25. Rxa5 $2 (25. Bd1 $18 {is the precise move to win. White wants to mate with Rg3+.} Rf6 26. Ba4) 25... Rxa5 $16 26. Qxa5 Rc8 (26... Bc8 {keeps fighting.} 27. Rc1 Qd8) 27. Qd2 Rf8 28. Qg5+ Kh8 29. Re1 Rf7 30. h4 Rg7 (30... Rf6 $142 31. Qe3 Kg8 32. Qxe7 Qxe7 33. Rxe7 Bc8) 31. Qf4 Qc8 32. h5 {Hoping for h6.} Qc3 33. Rb1 Qc8 $2 (33... Ba6 34. h6 (34. Qxf5 Bd3 $16) 34... Rg8 35. Qxf5 Bd3) 34. h6 $18 {And now Qd4 would win.} Rg6 35. Bh5 e5 36. dxe6 {[%mdl 64] Discovered Attack} Rxg2+ {[#]} 37. Kf1 $1 {[%mdl 512]} Be4 38. e7 (38. Qxd6 $142 Rg1+ {[%mdl 64] Decoy} 39. Kxg1 Qg8+ 40. Qg3 Qxg3+ 41. fxg3 Bxb1 42. e7 Ba2 43. e8=Q+ Bg8 44. Qe5#) 38... Rg8 {[#]} 39. Qc1 $2 $40 {[%mdl 128] White is up to no good.} ({White must play} 39. Qd2 $1 $18 {[%mdl 512] Intending Qd4+ and mate.} Bg2+ 40. Ke1 Qe6+ 41. Qe2) 39... Bd3+ $1 $11 40. Ke1 {Qb2+ would kill now.} Rg1+ $2 {[%mdl 8192] [#] This costs Black the game.} (40... Qe6+ $11 41. Kd2 Bxb1 42. Qc3+ Qe5) 41. Kd2 $1 {[%mdl 576] Discovered Attack. White mates.} Rxc1 42. Rxc1 {[%cal Rc1c8]} Bc4 43. e8=Q+ Qxe8 44. Bxe8 Be6 45. Bh5 Kg8 46. Rc7 Kf8 47. Rg7 Bg8 48. Ke3 {Weighted Error Value: White=0.47/Black=0.68} 1-0

[Event "Speed Chess Championship 2020"]
[Site "Online"]
[Date "2020.11.16"]
[Round "1.4"]
[White "Giri, Anish"]
[Black "Artemiev, Vladislav"]
[Result "1/2-1/2"]
[WhiteElo "2764"]
[BlackElo "2708"]
[Annotator "TA"]
[PlyCount "92"]
[EventDate "2020.10.31"]
[EventType "k.o."]
[EventCountry "NET"]
[SourceTitle "playchess.com"]
[Source "ChessBase"]
[SourceQuality "1"]

{[%evp 14,92,61,48,54,65,61,63,67,60,71,41,48,28,56,22,77,41,115,89,136,124,175,158,145,150,122,118,150,173,199,192,194,188,183,142,181,63,69,59,77,68,88,81,93,93,107,33,46,27,22,0,0,0,0,0,29,39,44,34,43,47,43,0,0,0,0,0,0,0,0,0,0,0,0,0,0,0,0,0,0]} 1. e4 c5 2. Nf3 e6 3. d4 cxd4 4. Nxd4 a6 5. c4 Nf6 6. Nc3 Qc7 7. Be2 b6 8. Be3 Bb7 {B41: Sicilian: Kan Variation: 5 c4.} 9. f3 Be7 10. Qd2 d6 {White is slightly better.} 11. g4 {[#]} Nfd7 $146 ({Predecessor:} 11... h6 12. O-O-O Nc6 13. h4 Nd7 14. Kb1 Nc5 15. Rc1 Qd7 16. Qe1 Bf6 17. Nxc6 Qxc6 {1-0 (57) Yeletsky,I (2447)-Salman,P (2271) St Petersburg 2019}) 12. g5 Nc6 13. h4 Rc8 14. Rc1 Qd8 (14... Nxd4 $1 $11 {keeps the balance.} 15. Bxd4 O-O) 15. Rg1 g6 ({Black should play} 15... Nxd4 $14 16. Qxd4 O-O) 16. h5 Nce5 {[#]} 17. b3 $1 gxh5 (17... Rg8 $16 {keeps fighting.}) 18. f4 Ng4 19. Bxg4 hxg4 20. Rxg4 Nc5 21. f5 Qd7 22. f6 Bf8 23. Rh4 Qc7 24. Kf1 Nd7 25. Nce2 (25. Qh2 $18) 25... Ne5 $14 26. Nf4 Qd7 27. Qg2 b5 28. cxb5 Rxc1+ 29. Bxc1 axb5 30. Bb2 ({Better is} 30. Qe2 $16) 30... b4 31. Qe2 Qc8 32. Qb5+ {[%mdl 64] [#] Double Attack} Nd7 $1 33. Nfxe6 fxe6 34. Nxe6 Ba6 (34... Qc2 $5 {[%cal Rc2b1]} 35. f7+ {[%mdl 64] Discovered Attack} (35. Qxb7 Qb1+ 36. Kg2 Qxb2+ 37. Kh3 Qc3+ 38. Kg2 Qc2+ 39. Kh3 Qc3+ 40. Kg2 Qc2+ 41. Kh3 Qc3+ $11) 35... Ke7 36. Bxh8 Kxe6 37. Qxb7 Qd1+ 38. Kg2 Qe2+ 39. Kh3 Qd3+ 40. Kg4 Qd1+ 41. Kg3 Qd3+ 42. Kh2 Qd2+ 43. Kh3 Qd3+ 44. Kg4 Qd1+ 45. Kf4 Qd2+ 46. Kg4 Qd1+ $11) 35. Nc7+ $1 Qxc7 36. Qxa6 Ne5 37. Bxe5 Qc1+ 38. Kf2 Qc5+ {The position is equal.} 39. Kf3 Qxe5 40. Qc8+ Kf7 41. Qg4 $1 $36 {[%cal Rg4h5][%mdl 2048] Qh5+ is the strong threat. White fights for an advantage.} Qc3+ 42. Ke2 {And now Qd7+ would win.} Qc2+ 43. Ke3 {Black must now prevent Qd7+.} Qc1+ 44. Ke2 {aiming for Qd7+.} Qc2+ 45. Ke3 {Strongly threatening Qd7+.} Qc1+ 46. Ke2 {Hoping for Qd7+.} Qc2+ {Blacks defense is rewarded with a draw.  Weighted Error Value: White=0.13/Black=0.13} 1/2-1/2

[Event "Speed Chess Championship 2020"]
[Site "Online"]
[Date "2020.11.04"]
[Round "1.4"]
[White "Fedoseev, Vladimir"]
[Black "Firouzja, Alireza"]
[Result "1-0"]
[WhiteElo "2676"]
[BlackElo "2749"]
[Annotator "TA"]
[PlyCount "79"]
[EventDate "2020.10.31"]
[EventType "k.o."]
[SourceTitle "playchess.com"]
[Source "ChessBase"]
[SourceQuality "1"]

{[%evp 10,79,0,7,15,14,0,0,26,0,16,13,6,11,16,12,23,16,26,17,29,24,25,37,32,18,21,22,41,26,39,0,74,55,139,120,164,96,102,95,100,63,90,77,83,79,93,33,21,31,46,43,71,73,74,29,81,0,125,101,153,153,153,153,145,145,138,138,5057,4134,29993,29994]} 1. d4 Nf6 2. c4 e6 3. Nf3 b6 4. a3 Bb7 5. Bf4 Be7 6. Nc3 O-O {E12: Queen's Indian: Unusual White 4th moves, 4 a3, 4 Nc3 Bb7 5 a3 and 4 Nc3 Bb7 .} 7. d5 Re8 8. e3 {[#]} Nh5 $146 {The position is equal.} ({Predecessor:} 8... a5 9. Be2 Na6 10. O-O Nh5 11. Be5 d6 12. Bg3 Nxg3 13. hxg3 Bf6 14. Nd4 e5 {0-1 (51) Sakaev,K (2584)-Le,Q (2714) St Petersburg 2018}) 9. Bg3 Bf6 10. Be5 Bxe5 11. Nxe5 Nf6 12. Nf3 d6 13. Be2 Nbd7 14. O-O a6 15. b4 exd5 16. cxd5 b5 17. Qb3 Nb6 {[%cal Rf6d5]} 18. Rfd1 Ne4 19. Nxe4 Rxe4 20. Qc2 Qe7 (20... Re8 $11) 21. Rac1 {Strongly threatening Bd3.} Nc4 ({Black should try} 21... Bxd5 $14 22. Nd2 (22. Qxc7 Qxc7 23. Rxc7 Ree8 $14) 22... Re5) 22. Nd2 ({Don't do} 22. Bxc4 $6 Rxc4 23. Qd3 Rxc1 $14) 22... Bxd5 23. Bxc4 (23. Nxe4 $18 Bxe4 24. Qc3 (24. Bd3 Bxd3 25. Qxd3 Qe8 $16)) 23... Rxc4 $16 24. Nxc4 Bxc4 25. Rd4 g6 26. h4 d5 27. Qd2 a5 28. e4 (28. Rxd5 $16 {Threatens to win with Rd7.} Bxd5 29. Qxd5 {[%mdl 64] Double Attack}) 28... axb4 $14 ({Don't play} 28... dxe4 $6 29. Re1 $16) 29. axb4 Ra2 30. Qe3 Qxb4 31. exd5 Qd6 32. Re1 (32. Re4 $5 {[%cal Re4e8]} Ra8 33. h5 $1 $16 {[%mdl 512]}) 32... h5 (32... Bxd5 $11 {keeps the balance.} 33. Qe8+ Kg7) 33. Qc3 (33. Qh6 $16 {White threatens Re8+ and mate.} Ra8 34. g4 hxg4 35. Rxg4) 33... Ra8 (33... Qf6 $1 $11 34. Qe3 Ra8) 34. Rde4 $36 {[%mdl 2048] Hoping for Re8+. Keeping Black busy.} Rf8 ({Black should play} 34... Qd8) 35. Re8 Bxd5 {[#]} 36. Rxf8+ $1 Qxf8 37. Qxc7 Be6 38. Rd1 {Rd8 is the strong threat.} Qb4 $2 {[%mdl 8192]} (38... Kh7 $16 39. Rd8 Qg7) 39. Rd8+ $18 Kh7 40. Qe5 {Av CentiPawn Loss W=-41/B=-76. Weighted=-37/-111} 1-0

[Event "Speed Chess Championship 2020"]
[Site "Online"]
[Date "2020.11.04"]
[Round "1.4"]
[White "Maghsoodloo, Parham"]
[Black "Carlsen, Magnus"]
[Result "1/2-1/2"]
[WhiteElo "2676"]
[BlackElo "2862"]
[Annotator "TA"]
[PlyCount "100"]
[EventDate "2020.10.31"]
[EventType "k.o."]
[SourceTitle "playchess.com"]
[Source "ChessBase"]
[SourceQuality "1"]

{[%evp 27,100,39,37,20,20,-14,-6,-6,-6,-6,-7,-12,-16,-20,-9,-6,-7,-12,12,2,7,9,6,8,7,8,45,45,45,0,0,0,52,48,46,52,45,0,0,0,0,0,61,61,61,61,53,53,54,23,31,0,0,0,0,0,0,0,0,-242,0,0,0,0,0,0,0,0,0,0,8,0,15,0,16]} 1. e4 e5 2. Nf3 Nc6 3. Bb5 a6 4. Ba4 Nf6 5. O-O Be7 6. Re1 b5 7. Bb3 d6 8. c3 O-O 9. h3 Nb8 10. d4 Nbd7 11. Nbd2 {[%cal Bb1d2,Bd2f1,Bf1g3][%mdl 32]} Bb7 12. Bc2 Re8 13. Nf1 Bf8 14. Ng3 g6 15. a3 {C95: Closed Ruy Lopez: Breyer Variation with 10 d4.} Bg7 {[#]} 16. b3 $146 ({Predecessor:} 16. a4 exd4 17. cxd4 c5 18. d5 Nb6 19. a5 Nc4 20. b3 Nd7 21. Bg5 f6 22. Bf4 {1-0 (45) Fedoseev,V (2671)-Tang,A (2521) chess.com INT 2020}) 16... d5 17. dxe5 Nxe4 18. Nxe4 dxe4 19. Bg5 Qc8 20. Bxe4 Bxe4 21. Rxe4 Nxe5 {Strongly threatening ...Qf5.} 22. Nxe5 {[#] Qe2 is the strong threat.} Rxe5 23. Rxe5 Bxe5 24. Qf3 Rb8 25. Re1 Bd6 26. Qc6 Bf8 27. Bf4 Rb6 28. Qe8 Rb8 29. Qc6 (29. Qe2 $11) 29... Rb6 $1 $14 {[%cal Rb6c6]} 30. Re8 $1 {[%cal Re8c8]} Rxc6 31. Rxc8 {[%mdl 4096] [#] Endgame Threatening mate with Bh6. KRB-KRB} Kg7 32. b4 ({Weaker is} 32. Bxc7 f6 $17) 32... Be7 33. Rxc7 Rxc7 34. Bxc7 $11 {KB-KB} Kf6 (34... Bf6 $11) 35. Kf1 $1 $14 Ke6 36. Ke2 Kd5 37. Kd3 $1 Bg5 38. f4 Bh4 39. g4 f5 40. g5 Bf2 41. Be5 Bb6 42. a4 Bd8 43. a5 $2 (43. axb5 $11 {and White stays safe.} axb5 44. Bg7) 43... Be7 $2 (43... Bxg5 $1 $19 44. Ke2 Be7) 44. h4 {The position is equal.} Bf8 45. Bc7 h5 46. Be5 Be7 47. Bb8 Bd8 48. Be5 Be7 49. Bb8 Bd8 50. Be5 Be7 {Av CentiPawn Loss W=-11/B=-12. Weighted=-12/-25} 1/2-1/2

[Event "Speed Chess Championship 2020"]
[Site "Online"]
[Date "2020.11.08"]
[Round "1.4"]
[White "Abdusattorov, Nodirbek"]
[Black "So, Wesley"]
[Result "1/2-1/2"]
[WhiteElo "2662"]
[BlackElo "2816"]
[Annotator "TA"]
[PlyCount "78"]
[EventDate "2020.10.31"]
[EventType "k.o."]
[SourceTitle "playchess.com"]
[Source "ChessBase"]
[SourceQuality "1"]

{[%evp 14,78,-3,-20,-13,-22,-14,-37,-28,-33,-4,-24,-25,-43,-20,-41,-7,-53,0,0,0,-54,46,-31,-29,-60,-75,-121,-124,-132,-99,-225,-111,-93,-9,-14,-8,-7,0,0,0,-196,-235,-257,-227,-161,0,0,0,0,0,0,0,0,0,0,0,0,0,0,0,0,0,0,0,0,0]} 1. e4 e5 2. Nf3 Nc6 3. d4 exd4 4. Nxd4 Nf6 5. Nxc6 bxc6 6. e5 Qe7 7. Qe2 Nd5 8. h4 Qe6 {C45: Scotch Game.} 9. g3 d6 10. c4 Nb6 {Black is slightly better.} 11. Bg2 {[#]} Bb7 $146 ({Predecessor:} 11... dxe5 12. Nd2 Be7 13. b3 O-O 14. Bb2 f6 15. O-O-O a5 16. f4 a4 17. Bh3 Qf7 18. Bxc8 Raxc8 19. fxe5 fxe5 {1-0 (33) Idani,P (2604)-Sasikiran,K (2678) Astana 2019}) 12. O-O dxe5 13. b3 O-O-O 14. Bb2 Bd6 15. Nd2 Rhe8 (15... Nd7 $15) 16. Ne4 $11 {aiming for c5.} Be7 17. Rfe1 ({White should try} 17. Rad1 $11) 17... c5 (17... Nd7 $15) 18. a4 (18. Qf3 $14 Rd7 19. Qh5) 18... f5 $1 $15 {[%cal Rf5e4]} 19. a5 Nd7 20. Nc3 Bxg2 21. Kxg2 c6 22. f3 (22. Na4 $17) 22... h5 (22... Qg6 $1 $19 {has better winning chances.} 23. Kh2 Nf6) 23. Rad1 $17 {[#]} g5 (23... Qg6 $1 $17 24. Kh2 Bd6) 24. hxg5 $11 Bxg5 25. f4 $1 {[%cal Rf4g5]} Bf6 26. fxe5 $1 Bxe5 {And now ...Rg8 would win.} 27. Na4 $2 (27. Qf3 $11) 27... Qg6 $19 28. Bxe5 Rxe5 29. Qf3 {[#]} h4 $2 ({Black should play} 29... Rxe1 $1 $19 30. Rxe1 h4) 30. Rxe5 $1 $11 {The position is equal.} Nxe5 31. Rxd8+ Kxd8 32. Qf4 Qxg3+ 33. Qxg3 hxg3 34. Nxc5 {[%mdl 4096] Endgame KN-KN} Ke7 {Strongly threatening ...f4.} 35. Kxg3 Kd6 36. Nb7+ Kc7 37. Nc5 Kd6 38. Nb7+ Kc7 39. Nc5 $1 Kd6 {Av CentiPawn Loss W=-20/B=-20. Weighted=-22/-28} 1/2-1/2

[Event "Speed Chess Championship 2020"]
[Site "Online"]
[Date "2020.11.12"]
[Round "1.4"]
[White "Martirosyan, Haik M."]
[Black "Nakamura, Hikaru"]
[Result "1/2-1/2"]
[WhiteElo "2622"]
[BlackElo "2736"]
[Annotator "TA"]
[PlyCount "115"]
[EventDate "2020.10.31"]
[EventType "k.o."]
[SourceTitle "playchess.com"]
[Source "ChessBase"]
[SourceQuality "1"]

{[%evp 21,115,12,6,0,0,0,22,22,21,24,19,5,15,15,17,-56,14,12,6,7,6,10,17,9,19,12,20,0,4,6,16,11,50,47,75,60,86,29,29,29,29,29,25,0,0,0,6,0,29,0,0,0,0,0,0,0,0,0,0,0,0,-4,-4,-4,-4,-4,-4,-4,-4,-4,0,-11,0,-11,0,-8,-8,-11,-4,-11,0,-11,-11,-11,-11,-11,-11,-11,-11,-11,-11,-11,-11,-11,-11,-11]} 1. d4 Nf6 2. Nf3 e6 3. c4 d5 4. Nc3 Be7 5. Bg5 h6 6. Bxf6 Bxf6 7. e3 O-O 8. Rc1 c6 9. Bd3 dxc4 10. Bxc4 Nd7 11. O-O e5 12. d5 {Nowadays more popular than 12.h3. D55: Queen's Gambit Declined: 4 Bg5 Be7: Lines without ...h6 and 6...h6 7 Bxf6.} Nb6 13. b3 cxd5 14. Bxd5 Qe7 15. Qc2 Rd8 16. Qe4 Kh8 17. Rfd1 g6 {[#] White must now prevent ...Bf5.} 18. Qd3 $146 (18. Qb1 $11) ({Predecessor:} 18. Qc2 Bf5 19. e4 Bg4 20. Qe2 Kg7 21. Rd3 Rac8 22. Rcd1 Qb4 23. Qe3 Qc5 24. Qd2 Qb4 25. Qe3 Qc5 26. Qd2 Qb4 27. Qe3 {½-½ (27) Martirosyan,H (2607)-Petrosian,T (2598) Yerevan 2019}) 18... Bf5 (18... e4 $15 19. Qxe4 Rxd5 20. Qxd5 Nxd5 21. Nxd5 Qa3 22. Nxf6 Be6) 19. e4 $11 Bg4 20. h3 Bxf3 21. Qxf3 Bg5 22. Rb1 Rac8 23. Rd3 ({Not} 23. Bxf7 $2 Rf8 $19) 23... Kg7 24. Rbd1 Rd7 25. g3 h5 26. h4 Bh6 27. a4 {[%cal Ba2a4,Ba4a5][%mdl 32]} Rcd8 28. a5 Nc8 29. Bc4 (29. b4 $16) 29... Rxd3 30. Rxd3 Rxd3 31. Qxd3 Qd6 32. Nd5 (32. Bd5 {with more complications.} Qb4 33. Nb5 Qxa5 34. Bxb7 Ne7 35. Qc4) 32... Ne7 33. Nxe7 Qxe7 34. Qd5 a6 35. Kg2 Bc1 {The position is equal.} 36. b4 Bb2 37. b5 Bd4 38. b6 Bc3 39. Kf1 Bb4 40. Ke2 Qe6 41. Qxe6 fxe6 42. Bxe6 Bxa5 {[%mdl 4096] Endgame KB-KB} 43. Bc8 Bxb6 44. Bxb7 a5 45. Bc6 Kf6 46. f3 Bc5 47. Be8 Be7 48. Kd3 Kg7 49. Ke2 Bc5 50. Kf1 Be7 51. Ke2 Kh6 52. Kf2 g5 53. hxg5+ Kxg5 54. Ke2 Bc5 55. Bb5 Bb6 56. Ba4 h4 57. gxh4+ Kxh4 58. Bb5 {Weighted Error Value: White=0.08/Black=0.08} 1/2-1/2

[Event "Speed Chess Championship 2020"]
[Site "Online"]
[Date "2020.12.08"]
[Round "1.4"]
[White "Nihal Sarin"]
[Black "Vachier-Lagrave, Maxime"]
[Result "1-0"]
[WhiteElo "2620"]
[BlackElo "2784"]
[Annotator "TA"]
[PlyCount "103"]
[EventDate "2020.10.31"]
[EventType "k.o."]

{[%evp 17,103,31,37,46,37,42,52,46,48,47,50,25,40,40,45,12,56,49,41,43,62,57,110,112,109,106,120,108,99,69,126,113,112,112,121,120,114,117,117,119,116,120,124,107,108,18,110,110,126,123,123,109,120,25,27,0,154,157,149,124,122,118,216,209,310,201,201,193,163,0,190,0,310,233,333,318,303,257,513,508,513,454,671,657,802,825,743,709]} 1. d4 d5 2. c4 c6 3. Nf3 Nf6 4. Nc3 e6 5. Bg5 Nbd7 6. e3 Qa5 7. Nd2 dxc4 8. Bxf6 Nxf6 9. Nxc4 Qd8 10. Rc1 $5 {[%mdl 4] An interesting side line. D52: Queen's Gambit Declined: Cambridge Springs Variation.} Be7 11. g3 O-O 12. Bg2 {White is slightly better.} Bd7 13. O-O Rc8 14. Qb3 Rc7 15. Rfd1 Qb8 {[#]} 16. e4 $146 ({Predecessor:} 16. Ne4 Nxe4 17. Bxe4 Rd8 18. Ne5 Be8 19. Nd3 b6 20. Kg2 c5 21. dxc5 bxc5 22. Qxb8 Rxb8 {0-1 (40) Nihal,S (2620)-Vachier Lagrave,M (2784) Chess.com INT 2020}) 16... Rd8 (16... b5 $5 {[%cal Rb5c4]} 17. Ne5 Qb6 $14) 17. e5 Nd5 18. Ne4 Be8 19. h4 Nb6 (19... c5 $14) 20. Nxb6 $16 axb6 21. Qxb6 Rcd7 22. Nc5 Bxc5 23. Qxc5 Qa8 (23... b6 $14 24. Qc2 (24. Qxc6 Rxd4 25. Qc2 Qxe5 $14) 24... g6) 24. a3 Qa4 {[%cal Rd7d4]} 25. Rd2 Rxd4 {[#]} 26. b3 $1 {[%cal Rb3a4][%mdl 512]} Qb5 (26... Qxb3 27. Rxd4) 27. Qxb5 (27. Rxd4 $6 Qxc5 28. Rxc5 Rxd4 $11) 27... cxb5 28. Rxd4 Rxd4 29. Bxb7 {[%mdl 4096] Endgame Rc8! is the strong threat. KRB-KRB} Kf8 30. Rc8 {Strongly threatening Bc6!} Ke7 31. Ra8 (31. b4 $16) 31... h6 (31... b4 $1 $11 {remains equal.}) 32. b4 g5 33. hxg5 hxg5 34. Kg2 Rd1 35. Ra5 ({White should try} 35. Kf3 $16) 35... Re1 $11 36. f4 gxf4 $2 (36... g4 $1 $11) 37. gxf4 $16 Re3 38. Kf2 Rc3 39. Bf3 Kf8 (39... Rc4 $16 {might work better.}) 40. Be2 $18 Bd7 (40... Bc6 $142 41. Ke1 (41. Bxb5 Bxb5 42. Rxb5 Rxa3 $16) 41... Ke8) 41. Ra7 (41. Bxb5 Bxb5 42. Rxb5 Rxa3 $16) 41... Be8 42. Ra8 Ke7 43. Ra7+ Kf8 $1 44. Ra5 (44. Ke1 $142) 44... Bd7 $1 45. Ke1 $1 {[%cal Re1d2]} (45. Bxb5 Bxb5 46. Rxb5 Rxa3 $16) 45... Kg7 (45... Ke7 $142 46. Kd2 (46. Bxb5 Bxb5 47. Rxb5 Rxa3 $16) 46... Rh3) 46. Kd2 ({Less strong is} 46. Bxb5 Bxb5 47. Rxb5 Rxa3 $14) 46... Rg3 47. Bd3 (47. Bxb5 Bxb5 48. Rxb5 Rxa3 $16) 47... Kf8 $2 (47... Rf3 48. Be2 (48. Bxb5 Bxb5 49. Rxb5 Rxa3 $16) 48... Rg3) 48. Kc3 {White is clearly winning.} Rf3 {[#]} 49. Kd4 $1 Rxf4+ {[#]} (49... Bc6 $142 50. Kc5 Bd5) 50. Kc5 $1 Rf3 51. Bxb5 Bxb5 52. Kxb5 {Weighted Error Value: White=0.23/Black=0.30} 1-0